书目信息 |
| 题名: |
怎样阅读建筑工程图
|
|
| 作者: | 高竞 主编 | |
| 分册: | ||
| 出版信息: | 北京 中国建筑工业出版社 1998.10 |
|
| 页数: | 301页 | |
| 开本: | 16开 | |
| 丛书名: | ||
| 单 册: | ||
| 中图分类: | ||
| 科图分类: | ||
| 主题词: | 建筑设计 | |
| 电子资源: | ||
| ISBN: | 7-112-03596-1 | |
| 000 | 00579nam0 2200205 45 | |
| 001 | 9910131557 | |
| 005 | 20001227103439.1 | |
| 010 | @a7-112-03596-1@d25.00元 | |
| 100 | @a19991013d1998 km y0chiy0120 ea | |
| 101 | @achi | |
| 105 | @a z 000yy | |
| 200 | 1 | @a怎样阅读建筑工程图@AZen Yang Yue Du Jian Zhu Gong Cheng Tu@f高竞主编@FGao Jing Zhu Bian |
| 210 | @a北京@c中国建筑工业出版社@d1998.10 | |
| 215 | @a301页@d16开 | |
| 606 | 0 | @a建筑设计 |
| 690 | @v3 | |
| 690 | @aTU204@v3 | |
| 701 | @a高竞@4主编 | |
| 801 | @aCN@bPFTUser@c19991013 | |
| 905 | @dTU204@eG.529@b316338-342@f5 | |
| 怎样阅读建筑工程图/高竞主编.-北京:中国建筑工业出版社,1998.10 |
| 301页;16开 |
| ISBN 7-112-03596-1:25.00元 |
| ● |
| 相关链接 |
|
|
|
正题名:怎样阅读建筑工程图
索取号:TU204/G.529
 
预约/预借
| 序号 | 登录号 | 条形码 | 馆藏地/架位号 | 状态 | 备注 |
| 1 | 316338 | 203163389 | 自科二线404/404自科库 14排2列5层/ [索取号:TU204/G.529] | 在馆 | |
| 2 | 316340 | 203163405 | 自科二线404/404自科库 14排2列5层/ [索取号:TU204/G.529] | 在馆 | |
| 3 | 316341 | 203163414 | 建筑库101/101建筑库 108排2列4层/ [索取号:TU204/G.529] | 在馆 | |
| 4 | 316342 | 203163423 | 自科二线404/404自科库 14排2列5层/ [索取号:TU204/G.529] | 在馆 |